一句话描述猜城市 - Statistics

General Stats
  • This quiz has been taken 72 times
  • The average score is 10 of 16
Answer Stats
关键字 Answer % Correct
战国赵都,成语典故之都 邯郸市
95%
因5万元就能买房出名的北方小城 鹤岗市
88%
有世界最大的小商品市场,出产火腿 金华市
88%
世界风筝之都,木板年画发祥地 潍坊市
84%
万里长城第一关所在地,首都人民最爱的夏季疗养地 秦皇岛市
81%
最东端的地级市,赫哲族渔乡 佳木斯市
69%
千年官窑所在,青花瓷艺术发源地 景德镇市
66%
因盐而兴的城市,以灯会和出土恐龙数量闻名 自贡市
61%
河西走廊咽喉处的中国镍都 金昌市
59%
黄河中游水利枢纽所在,仰韶文化核心区 三门峡市
58%
南国武术之乡,美食出名,有厨出凤城的美誉 佛山市
56%
中国鹤乡,丹顶鹤迁徙的北端终点 齐齐哈尔市
52%
万里长江第一城,名产为白酒、白肉、白糕 “三白” 宜宾市
48%
岭南文化代表城市之一,端砚出产地,市内有七星岩星湖奇观 肇庆市
47%
曾国藩故里,梅山文化发祥地 娄底市
33%
“宅兹中国”何尊出土地,中国钛谷 宝鸡市
30%
No matching quizzes found
Score Distribution
Percent of People with Each Score
Percentile by Number Answered
Your Score History
You have not taken this quiz